00703nam a22002417a 450000500170000000800410001702000180005804100080007608200130008410000240009724501210012126000130024226000230025526000090027830000180028765000320030565000170033765000220035465000240037665000130040065000260041365000220043920180412084558.0180412b xxu||||| |||| 00| 0 spa d a9788494239755 aspa a658 Z63e aZhexembayeva, Nadya aLa estrategia del océano esquilmado: cómo impulsar la innovación para adaptarse a la nueva economía circular aEspaña bLibros de Cabecera c2014 a176 páginas aCREATIVIDAD EN LOS NEGOCIOS aINNOVACIÓN aECONOMÍA LINEAL aECONOMÍA CIRCULAR aNEGOCIOS aFORMAS DE CRECIMIENTO aMODELO DE NEGOCIO